Benjamín Vicuña Mackenna : (Registro nro. 39256)
[ vista simple ]
| 000 -CABECERA | |
|---|---|
| campo de control de longitud fija | 00519nam a2200145 a 4500 |
| 001 - NÚMERO DE CONTROL | |
| campo de control | 000039766 |
| 005 - FECHA Y HORA DE LA ÚLTIMA TRANSACCIÓN | |
| campo de control | 20201002033725.0 |
| 008 - DATOS DE LONGITUD FIJA--INFORMACIÓN GENERAL | |
| campo de control de longitud fija | 130718s1986 ch 000 0 spa d |
| 040 ## - FUENTE DE LA CATALOGACIÓN | |
| Centro catalogador/agencia de origen | DO-SdBNP |
| Lengua de catalogación | spa |
| Centro/agencia transcriptor | BNPHU |
| 100 1# - ENTRADA PRINCIPAL--NOMBRE DE PERSONA | |
| Nombre de persona | Vicuña Mackenna, Benjamín |
| 9 (RLIN) | 65959 |
| 245 10 - MENCIÓN DE TÍTULO | |
| Título | Benjamín Vicuña Mackenna : |
| Resto del título | páginas escogidas / |
| Mención de responsabilidad, etc. | Benjamín Vicuña Mackenna. |
| 260 ## - PUBLICACIÓN, DISTRIBUCIÓN, ETC. | |
| Lugar de publicación, distribución, etc. | Santiago de Chile : |
| Nombre del editor, distribuidor, etc. | Editorial Universitaria |
| -- | Biblioteca Nacional, |
| Fecha de publicación, distribución, etc. | 1986. |
| 300 ## - DESCRIPCIÓN FÍSICA | |
| Extensión | 372 p. ; |
| Dimensiones | 24 cm. |
| 500 ## - NOTA GENERAL | |
| Nota general | Incluye notas al pie de las páginas |
| Estado de retiro | Estado de pérdida | Restricciones de uso | No para préstamo | Código de colección | Localización permanente | Ubicación/localización actual | Ubicación en estantería | Fecha de adquisición | Número de inventario | Total de préstamos | Signatura topográfica completa | Código de barras | Fecha visto por última vez | Precio válido a partir de | Tipo de ítem Koha |
|---|---|---|---|---|---|---|---|---|---|---|---|---|---|---|---|
| Excluido de préstamo | Monografías: Libros y Folletos | General | General | En catalogación | 18.07.2013 | LF1 | 39766-10 | 25.06.2020 | 25.06.2020 | No se presta |
